[Event "TUR Cup										"]
[Site "Antalya"]
[Date "2018.02.01"]
[Round "8"]
[White "Koksal, Recep"]
[Black "Tahaoglu, Erson"]
[Result "1-0"]
[WhiteElo "1763"]
[BlackElo "1422"]
[PlyCount "121"]
[EventDate "2018.01.27"]
[EventType "swiss"]
[EventRounds "11"]
[EventCountry "TUR"]
[SourceTitle "CBM 182 Extra"]
[Source "ChessBase"]
[SourceDate "2018.02.23"]
[SourceVersion "1"]
[SourceVersionDate "2018.02.23"]
[SourceQuality "1"]

1. e4 d5 2. exd5 Qxd5 3. Nf3 Nf6 4. Be2 c6 5. Nc3 Qd6 6. d4 Bg4 7. 0-0 e6 8. Be3 Nbd7 9. Qd2 Qc7 10. Rfe1 Bd6 11. h3 Bh5 12. Ng5 Bxe2 13. Qxe2 0-0 14. Qd3 Rad8 15. Nce4 Nxe4 16. Qxe4 Nf6 17. Qh4 Qa5 18. Ne4 Nxe4 19. Qxe4 Qd5 20. Qd3 Bb8 21. Qb3 Qd6 22. g3 Qd7 23. Kg2 b6 24. Rad1 Qb7 25. f3 Rfe8 26. h4 Bd6 27. Bf2 Qa6 28. Re4 Qa5 29. g4 Qa6 30. Rde1 Qc8 31. Qe3 Qd7 32. c3 Bb8 33. Bg3 Bxg3 34. Kxg3 Qd5 35. a3 Qb5 36. Re2 Qc4 37. h5 h6 38. Re5 Rd5 39. Rxd5 Qxd5 40. f4 f6 41. Qe4 Kf7 42. Qg6+ Kf8 43. Qd3 c5 44. Re4 Rd8 45. Qe2 Kf7 46. Qe3 c4 47. Qf3 Qb5 48. Re2 Qd5 49. Qe4 b5 50. f5 Qd6+ 51. Kf3 exf5 52. gxf5 Qd5 53. Qxd5+ Rxd5 54. Kf4 a5 55. Re6 b4 56. Rc6 bxc3 57. bxc3 Rb5 58. Rxc4 Rb3 59. a4 Rb1 60. Rc7+ Kg8 61. d5 1-0

[Event "TUR Cup										"]
[Site "Antalya"]
[Date "2018.01.30"]
[Round "5"]
[White "Yenice, Yusuf Erkan"]
[Black "Koksal, Recep"]
[Result "1-0"]
[WhiteElo "1521"]
[BlackElo "1763"]
[PlyCount "149"]
[EventDate "2018.01.27"]
[EventType "swiss"]
[EventRounds "11"]
[EventCountry "TUR"]
[SourceTitle "CBM 182 Extra"]
[Source "ChessBase"]
[SourceDate "2018.02.23"]
[SourceVersion "1"]
[SourceVersionDate "2018.02.23"]
[SourceQuality "1"]

1. e4 c5 2. Nf3 d6 3. Bb5+ Bd7 4. Bxd7+ Qxd7 5. 0-0 Nc6 6. c3 Nf6 7. Qe2 e5 8. Rd1 Qg4 9. d3 0-0-0 10. h3 Qh5 11. Kf1 h6 12. Ng1 Qg6 13. Nd2 Be7 14. a3 Rhf8 15. b4 Rd7 16. b5 Nd8 17. Ndf3 Nh7 18. d4 exd4 19. cxd4 Ne6 20. dxc5 Nxc5 21. e5 Qe4 22. Qxe4 Nxe4 23. Be3 Kb8 24. Rac1 Rfd8 25. Ne2 Nhg5 26. Nxg5 hxg5 27. f3 Nc5 28. exd6 Rxd6 29. Rxd6 Bxd6 30. Bxc5 Be5 31. Be7 Rd5 32. a4 f6 33. Ke1 Bc7 34. Bb4 Bb6 35. Bf8 Rd7 36. Ng3 g6 37. Bc5 Ba5+ 38. Ke2 Rd2+ 39. Kf1 Rd5 40. Be7 Bc7 41. Ne4 Bf4 42. Nxf6 Rd4 43. Rc2 Bg3 44. Ke2 b6 45. Ne4 Be5 46. Bxg5 Rxa4 47. Rd2 Rb4 48. Rd5 Rb2+ 49. Nd2 Bc3 50. g4 Kb7 51. Kd3 Bb4 52. h4 a5 53. bxa6+ Kxa6 54. h5 gxh5 55. gxh5 Bxd2 56. Bxd2 Rb1 57. h6 Rh1 58. Ke4 b5 59. Rd6+ Kb7 60. Bc3 Kc7 61. Rg6 Kd7 62. f4 Ke7 63. Rb6 Kf8 64. Rb8+ Kf7 65. h7 Rxh7 66. Rb7+ Kg6 67. Rxh7 Kxh7 68. Kf5 Kg8 69. Kg6 Kf8 70. Kh7 Kf7 71. f5 b4 72. Bb2 Kf8 73. Kg6 Kg8 74. f6 Kf8 75. f7 1-0

[Event "TUR Cup										"]
[Site "Antalya"]
[Date "2018.01.28"]
[Round "3"]
[White "Samani, Yamac"]
[Black "Koksal, Recep"]
[Result "1-0"]
[WhiteElo "2268"]
[BlackElo "1763"]
[PlyCount "77"]
[EventDate "2018.01.27"]
[EventType "swiss"]
[EventRounds "11"]
[EventCountry "TUR"]
[SourceTitle "CBM 182 Extra"]
[Source "ChessBase"]
[SourceDate "2018.02.23"]
[SourceVersion "1"]
[SourceVersionDate "2018.02.23"]
[SourceQuality "1"]

1. e4 e5 2. Nc3 Nc6 3. g3 Nf6 4. Bg2 Bc5 5. Nge2 d6 6. Na4 Bb6 7. Nxb6 axb6 8. d4 0-0 9. 0-0 Bg4 10. f3 Bd7 11. Be3 Qe7 12. d5 Nd8 13. Qd2 Bb5 14. Rfc1 Bxe2 15. Qxe2 Ne8 16. Qd3 f6 17. c4 Nf7 18. b4 Kh8 19. a4 Qd7 20. a5 bxa5 21. bxa5 c5 22. Rcb1 Nd8 23. f4 Qc7 24. Bd2 Ra6 25. Bh3 Rf7 26. Ra3 Re7 27. Rb6 Qb8 28. Qb1 Qa7 29. Rab3 Qa8 30. Bf5 g6 31. Bh3 Ng7 32. R3b5 Nh5 33. fxe5 Rxe5 34. Bc3 Rg5 35. Rxa6 Qxa6 36. Qf1 Kg7 37. Rb6 Qa8 38. Rxd6 Qb8 39. Bxf6+ 1-0

[Event "TUR Cup										"]
[Site "Antalya"]
[Date "2018.01.27"]
[Round "1"]
[White "Karakus, Ali"]
[Black "Koksal, Recep"]
[Result "0-1"]
[WhiteElo "1156"]
[BlackElo "1763"]
[PlyCount "84"]
[EventDate "2018.01.27"]
[EventType "swiss"]
[EventRounds "11"]
[EventCountry "TUR"]
[SourceTitle "CBM 182 Extra"]
[Source "ChessBase"]
[SourceDate "2018.02.23"]
[SourceVersion "1"]
[SourceVersionDate "2018.02.23"]
[SourceQuality "1"]

1. e4 e5 2. Nf3 Nc6 3. Nc3 Nf6 4. Bb5 Bb4 5. 0-0 0-0 6. d3 d6 7. Bg5 Bxc3 8. bxc3 Qe7 9. Qe2 Nd8 10. Rad1 Ne6 11. Bh4 Nf4 12. Qe3 Be6 13. Rfe1 a6 14. Ba4 Bxa2 15. c4 b5 16. cxb5 Be6 17. d4 Bc4 18. dxe5 dxe5 19. bxa6 Rxa6 20. Bb3 Ra3 21. Ra1 Rfa8 22. Rxa3 Rxa3 23. Rb1 h6 24. Qe1 Bxb3 25. cxb3 Qe6 26. Qb4 Qg4 27. Bg3 Ne2+ 28. Kf1 Nxg3+ 29. fxg3 Qxe4 30. Qb8+ Kh7 31. Qxc7 Qd3+ 32. Ke1 e4 33. Ne5 Qxb1+ 34. Ke2 Qb2+ 35. Kf1 Nd5 36. Qxf7 Ne3+ 37. Ke1 Nxg2+ 38. Kf1 Ne3+ 39. Ke1 Qxe5 40. Qf2 Qc3+ 41. Ke2 Qd3+ 42. Ke1 Qd1# 0-1

[Event "TUR-chT 2nd League"]
[Site "Konya"]
[Date "2017.07.20"]
[Round "5.9"]
[White "Cakmak, Sarven"]
[Black "Koksal, Recep"]
[Result "1/2-1/2"]
[WhiteElo "1812"]
[BlackElo "1736"]
[PlyCount "160"]
[EventDate "2017.07.17"]
[EventType "team-swiss"]
[EventRounds "9"]
[EventCountry "TUR"]
[SourceTitle "CBM 179 Extra"]
[Source "ChessBase"]
[SourceDate "2017.08.23"]
[SourceVersion "1"]
[SourceVersionDate "2017.08.23"]
[SourceQuality "1"]
[WhiteTeam "Istanbul Sisli"]
[BlackTeam "Samsun Gercek"]
[WhiteTeamCountry "TUR"]
[BlackTeamCountry "TUR"]

1. e4 e5 2. Nf3 Nc6 3. d4 exd4 4. Nxd4 Nf6 5. Nxc6 bxc6 6. e5 Qe7 7. Qe2 Nd5 8. c4 Ba6 9. b3 g6 10. Bb2 Bg7 11. Nd2 0-0 12. Qe4 f5 13. exf6 Qxe4+ 14. Nxe4 Nxf6 15. Nxf6+ Bxf6 16. Bxf6 Rae8+ 17. Kd2 Rxf6 18. f3 Rfe6 19. Bd3 Kf7 20. Rhe1 Kf6 21. Rxe6+ Rxe6 22. Rd1 c5 23. Be4 Rd6+ 24. Bd3 Rd4 25. Re1 Kf7 26. Kc3 Bb7 27. Re3 Rf4 28. Be2 Rf6 29. Re4 d6 30. Re3 a5 31. Bd3 Rf4 32. Kd2 Bc6 33. Ke2 Rf6 34. Be4 Bxe4 35. fxe4 Ke6 36. e5 dxe5 37. Rd3 Rf8 38. Rd5 Ra8 39. Rxc5 Kd6 40. Rd5+ Ke6 41. Ke3 c6 42. Rd3 Ra7 43. Rd8 Ke7 44. Rh8 Kd6 45. Ke4 Rf7 46. Rd8+ Kc5 47. Rd2 Re7 48. g3 Kb4 49. Rd6 Kc5 50. Rd8 Kb6 51. h4 Kb7 52. Rd2 Kc7 53. g4 Re6 54. Rf2 Re7 55. Rf8 Kb7 56. h5 gxh5 57. gxh5 Kb6 58. Rf5 Rg7 59. Kxe5 Rg2 60. Kf6 Rxa2 61. Kg7 Rg2+ 62. Kxh7 Rg3 63. Rf8 Kc5 64. Ra8 Kb4 65. h6 Rg5 66. Rb8+ Kc3 67. Kh8 Rg1 68. h7 Rg2 69. Rg8 Rd2 70. Rg3+ Kb4 71. Kg7 Rd7+ 72. Kh6 Rd8 73. Rh3 c5 74. Kg7 Rd7+ 75. Kg6 Rd8 76. h8Q Rxh8 77. Rxh8 Kxb3 78. Rh4 a4 79. Kf5 a3 80. Rh3+ Kb4 1/2-1/2

[Event "TUR-chT 2nd League"]
[Site "Konya"]
[Date "2017.07.19"]
[Round "4.10"]
[White "Koksal, Recep"]
[Black "Basgonul, Bekir Serkan"]
[Result "1-0"]
[WhiteElo "1736"]
[BlackElo "1807"]
[PlyCount "85"]
[EventDate "2017.07.17"]
[EventType "team-swiss"]
[EventRounds "9"]
[EventCountry "TUR"]
[SourceTitle "CBM 179 Extra"]
[Source "ChessBase"]
[SourceDate "2017.08.23"]
[SourceVersion "1"]
[SourceVersionDate "2017.08.23"]
[SourceQuality "1"]
[WhiteTeam "Samsun Gercek"]
[BlackTeam "Adamlari Amator"]
[WhiteTeamCountry "TUR"]
[BlackTeamCountry "TUR"]

1. e4 c5 2. Nf3 Nc6 3. d4 cxd4 4. Nxd4 g6 5. Nc3 Bg7 6. Be3 Nf6 7. Nxc6 bxc6 8. e5 Ng8 9. f4 Nh6 10. Qf3 0-0 11. Bc4 d6 12. Qxc6 Rb8 13. 0-0 Nf5 14. Bxa7 Rxb2 15. Bb3 Qa5 16. Bb6 Qa6 17. Na4 Nd4 18. Qc7 Rxb3 19. axb3 Nf5 20. Nc3 Qb7 21. Ra7 Qxc7 22. Rxc7 dxe5 23. Nd5 Re8 24. g4 Be6 25. Rd1 Nd4 26. Nxe7+ Kh8 27. Bxd4 exd4 28. Re1 Bf8 29. f5 gxf5 30. gxf5 Bxe7 31. fxe6 Bh4 32. Re4 Bf6 33. exf7 Rf8 34. Rg4 h5 35. Rg2 Kh7 36. b4 Be5 37. Rc5 Bg7 38. Rxh5+ Bh6 39. Rf5 Rc8 40. Kf1 d3 41. cxd3 Rc1+ 42. Ke2 Bf8 43. Rh5+ 1-0

[Event "TUR-chT 2nd League"]
[Site "Konya"]
[Date "2017.07.18"]
[Round "2.5"]
[White "Koksal, Recep"]
[Black "Suzan, Ufuk"]
[Result "1/2-1/2"]
[WhiteElo "1736"]
[BlackElo "1813"]
[PlyCount "170"]
[EventDate "2017.07.17"]
[EventType "team-swiss"]
[EventRounds "9"]
[EventCountry "TUR"]
[SourceTitle "CBM 179 Extra"]
[Source "ChessBase"]
[SourceDate "2017.08.23"]
[SourceVersion "1"]
[SourceVersionDate "2017.08.23"]
[SourceQuality "1"]
[WhiteTeam "Samsun Gercek"]
[BlackTeam "Mugla Ortaca Belediye"]
[WhiteTeamCountry "TUR"]
[BlackTeamCountry "TUR"]

1. e4 e5 2. Nf3 Nc6 3. Bb5 a6 4. Ba4 Nf6 5. 0-0 Be7 6. Qe2 b5 7. Bb3 d6 8. c3 Na5 9. Bc2 c5 10. h3 0-0 11. d3 Nc6 12. Rd1 Qc7 13. Nbd2 Ne8 14. Nf1 f5 15. exf5 Bxf5 16. Ng3 Bg6 17. Bg5 Bxg5 18. Nxg5 Qe7 19. Bb3+ Kh8 20. Bd5 Qxg5 21. Bxc6 Ra7 22. Be4 Nf6 23. Qd2 Qh4 24. Bxg6 hxg6 25. Rf1 Nd5 26. Ne4 Raf7 27. Nxd6 Rf3 28. Ne4 Nf4 29. Ng3 Rxd3 30. Qe1 Re8 31. Rd1 c4 32. Rxd3 cxd3 33. Qe3 Qd8 34. Rd1 Qd5 35. Ne4 Qxa2 36. g3 Qa4 37. Rd2 Qa1+ 38. Kh2 Ne2 39. h4 Qg1+ 40. Kh3 Qh1+ 41. Kg4 Ng1 42. Ng5 e4 43. Rxd3 Qg2 44. Rd7 Nf3 45. Nxf3 Qxf3+ 46. Qxf3 exf3 47. Kxf3 Re6 48. Rd8+ Kh7 49. Rd4 Kg8 50. Re4 Rd6 51. Ke3 Kf7 52. f4 Kf6 53. g4 Rc6 54. g5+ Kf7 55. Rd4 Ke7 56. Kf3 Rb6 57. Rd2 Rc6 58. Kg4 Rc4 59. Rf2 Kf7 60. h5 gxh5+ 61. Kxh5 g6+ 62. Kg4 b4 63. cxb4 Rxb4 64. Rc2 Rb7 65. Rc6 Rxb2 66. Rxa6 Rb7 67. Rf6+ Kg7 68. Re6 Rc7 69. Re4 Rf7 70. Ra4 Kh7 71. Ra5 Kg7 72. Ra6 Rb7 73. Ra4 Rf7 74. Rd4 Kh7 75. Rd5 Kg7 76. Re5 Rb7 77. Kf3 Kf7 78. f5 Rb3+ 79. Kf4 Rb4+ 80. Re4 Rxe4+ 81. Kxe4 gxf5+ 82. Kxf5 Kg7 83. g6 Kg8 84. Kf6 Kf8 85. g7+ Kg8 1/2-1/2

[Event "Manavgat Turkey Cup"]
[Site "Manavgat"]
[Date "2016.02.05"]
[Round "10"]
[White "Kiremitciyan, Ari"]
[Black "Koksal, Recep"]
[Result "1-0"]
[WhiteElo "1998"]
[BlackElo "1775"]
[PlyCount "141"]
[EventDate "2016.01.30"]
[EventType "swiss"]
[EventRounds "11"]
[EventCountry "TUR"]
[SourceTitle "CBM 170 Extra"]
[Source "ChessBase"]
[SourceDate "2016.02.25"]
[SourceVersion "1"]
[SourceVersionDate "2016.02.25"]
[SourceQuality "1"]

1. Nf3 Nf6 2. c4 g6 3. Nc3 Bg7 4. e4 d6 5. d4 0-0 6. h3 e5 7. d5 Nbd7 8. Be3 Nh5 9. Nd2 Nb6 10. g3 Bd7 11. Be2 Nf6 12. g4 Ne8 13. h4 h6 14. Qc2 Nc8 15. 0-0-0 a6 16. Kb1 c5 17. Ka1 Nc7 18. Rb1 b5 19. b4 cxb4 20. Rxb4 a5 21. Rxb5 Nxb5 22. cxb5 Nb6 23. Na4 Nxa4 24. Qxa4 Qc8 25. Nc4 Bxg4 26. f3 Bd7 27. Qb3 a4 28. Qb4 f5 29. Rc1 Qd8 30. Nb6 fxe4 31. fxe4 Rc8 32. Nxc8 Bxc8 33. b6 Qxh4 34. b7 Bxb7 35. Qxb7 Qxe4 36. Rc7 Bh8 37. Bxh6 Qh1+ 38. Bc1 e4+ 39. Kb1 Qh2 40. Bg4 Be5 41. Be6+ Kh8 42. Rc8 Qf2 43. Qb8 Bg7 44. Rxf8+ Bxf8 45. Qb2+ Qxb2+ 46. Bxb2+ Kh7 47. Kc2 Bh6 48. Bd7 g5 49. Bf5+ Kg8 50. Bxe4 Kf7 51. Kd3 g4 52. Ke2 Ke7 53. Bc2 Kd7 54. Bxa4+ Kc7 55. Bd4 Bc1 56. Bb5 Ba3 57. Kf2 Kb7 58. Kg3 Kc7 59. Kxg4 Kb7 60. Kf5 Kc7 61. Ke6 Bb4 62. a4 Be1 63. Be3 Bb4 64. Bf4 Ba3 65. Bd2 Kb6 66. Bf4 Kc7 67. a5 Bb4 68. a6 Bc5 69. Bc6 Bf2 70. Bxd6+ Kd8 71. Bb8 1-0

[Event "Manavgat Turkey Cup"]
[Site "Manavgat"]
[Date "2015.02.05"]
[Round "9"]
[White "Arat, Yagiz"]
[Black "Koksal, Recep"]
[Result "0-1"]
[WhiteElo "1795"]
[BlackElo "1870"]
[PlyCount "52"]
[EventDate "2015.01.31"]
[EventType "swiss"]
[EventRounds "11"]
[EventCountry "TUR"]
[SourceTitle "CBM 164 Extra"]
[Source "ChessBase"]
[SourceDate "2015.03.02"]
[SourceVersion "1"]
[SourceVersionDate "2015.03.02"]
[SourceQuality "1"]

1. e4 e6 2. d4 d5 3. exd5 exd5 4. Nf3 Nf6 5. Bd3 Be7 6. Bg5 0-0 7. 0-0 Nc6 8. h3 h6 9. Bh4 Ne4 10. Bxe7 Qxe7 11. c4 dxc4 12. Bxc4 Ng5 13. Nxg5 Qxg5 14. f4 Qf6 15. d5 Qxb2 16. Nd2 Qd4+ 17. Kh2 Ne7 18. Qe2 Nxd5 19. Nb3 Qe3 20. Qh5 Nxf4 21. Qh4 Ng6 22. Bxf7+ Rxf7 23. Qd8+ Rf8 24. Rxf8+ Nxf8 25. Kh1 Qe5 26. Rf1 Qd6 0-1

[Event "Manavgat Turkey Cup"]
[Site "Manavgat"]
[Date "2015.01.31"]
[Round "1"]
[White "Sari, Ekin"]
[Black "Koksal, Recep"]
[Result "1-0"]
[WhiteElo "1462"]
[BlackElo "1870"]
[PlyCount "58"]
[EventDate "2015.01.31"]
[EventType "swiss"]
[EventRounds "11"]
[EventCountry "TUR"]
[SourceTitle "CBM 164 Extra"]
[Source "ChessBase"]
[SourceDate "2015.03.02"]
[SourceVersion "1"]
[SourceVersionDate "2015.03.02"]
[SourceQuality "1"]

1. d4 Nf6 2. Nf3 g6 3. e3 Bg7 4. Bd3 0-0 5. 0-0 d5 6. c3 Nbd7 7. Nbd2 c5 8. e4 dxe4 9. Nxe4 Nxe4 10. Bxe4 Nf6 11. Bc2 Qc7 12. Re1 Bg4 13. dxc5 Qxc5 14. h3 Rad8 15. Qe2 Bxf3 16. Qxf3 Nd5 17. Bb3 e6 18. Bg5 Ne7 19. Bf6 Bxf6 20. Qxf6 Nd5 21. Qe5 Qc6 22. Rad1 Rd7 23. Bxd5 exd5 24. Qd4 b5 25. Re5 Rfd8 26. Rde1 Rd6 27. Qxa7 Rf6 28. Qe3 Kg7 29. Qd4 Qd6 1-0

[Event "Kemer Turkey Cup"]
[Site "Kemer"]
[Date "2014.02.02"]
[Round "3"]
[White "Altundal, Aram"]
[Black "Koksal, Recep"]
[Result "1-0"]
[WhiteElo "1658"]
[BlackElo "1860"]
[PlyCount "97"]
[EventDate "2014.02.01"]
[EventType "swiss"]
[EventRounds "9"]
[EventCountry "TUR"]
[SourceTitle "CBM 158 Extra"]
[Source "ChessBase"]
[SourceDate "2014.02.28"]
[SourceVersion "1"]
[SourceVersionDate "2014.02.28"]
[SourceQuality "1"]

1. e4 c5 2. Nf3 d6 3. d4 cxd4 4. Nxd4 Nf6 5. Nc3 Nc6 6. Bc4 e6 7. 0-0 Be7 8. Be3 0-0 9. Qe2 Bd7 10. Rfd1 a6 11. a4 Qc7 12. Bb3 Rfc8 13. Nxc6 Bxc6 14. Bf4 Nd7 15. Rd3 Ne5 16. Rh3 g6 17. Bxe5 dxe5 18. Qe3 Bf8 19. Rg3 Rd8 20. h4 h5 21. Qg5 Bg7 22. Rf3 Be8 23. g4 hxg4 24. Qxg4 Qe7 25. h5 gxh5 26. Qxh5 Rd6 27. Kh2 f5 28. Qxf5 Qf7 29. Qh3 Qh5 30. Rg1 Rc8 31. Qxh5 Bxh5 32. Rfg3 Rc7 33. Rg5 Be8 34. Rxe5 Kh7 35. Rxe6 Rxe6 36. Bxe6 Bxc3 37. bxc3 Bxa4 38. c4 Bxc2 39. Bd5 b5 40. cxb5 axb5 41. Rc1 Kg6 42. Kg3 Rc3+ 43. Kf4 b4 44. e5 Ba4 45. Rg1+ Kh6 46. Kf5 Bc2+ 47. Kf6 Kh5 48. e6 Rc8 49. Bf3+ 1-0

[Event "TUR-ch"]
[Site "Antalya"]
[Date "2013.02.07"]
[Round "9"]
[White "Yilmazel, Sinem"]
[Black "Koksal, Recep"]
[Result "0-1"]
[WhiteElo "1502"]
[BlackElo "1920"]
[PlyCount "52"]
[EventDate "2013.02.02"]
[EventType "swiss"]
[EventRounds "11"]
[EventCountry "TUR"]
[SourceTitle "CBM 152 Extra"]
[Source "ChessBase"]
[SourceDate "2013.02.25"]
[SourceVersion "1"]
[SourceVersionDate "2013.02.25"]
[SourceQuality "1"]

1. e4 c5 2. d4 cxd4 3. Qxd4 Nc6 4. Qe3 Nf6 5. Nf3 e6 6. Bd3 Be7 7. Nc3 d6 8. h3 0-0 9. Bd2 Nd7 10. 0-0-0 Bf6 11. Nb5 Nc5 12. Bc4 Nxe4 13. Qxe4 d5 14. Bxd5 exd5 15. Qf4 Qb6 16. Bc3 Qxb5 17. Bxf6 gxf6 18. Qxf6 d4 19. Nxd4 Qe5 20. Qh4 f6 21. Rd3 Nxd4 22. Rxd4 Qg5+ 23. Qxg5+ fxg5 24. f3 Bf5 25. Rhd1 Rae8 26. b3 Re2 0-1

[Event "TUR-ch"]
[Site "Antalya"]
[Date "2013.02.06"]
[Round "7"]
[White "Gunes, Adem"]
[Black "Koksal, Recep"]
[Result "1-0"]
[WhiteElo "1711"]
[BlackElo "1920"]
[PlyCount "97"]
[EventDate "2013.02.02"]
[EventType "swiss"]
[EventRounds "11"]
[EventCountry "TUR"]
[SourceTitle "CBM 152 Extra"]
[Source "ChessBase"]
[SourceDate "2013.02.25"]
[SourceVersion "1"]
[SourceVersionDate "2013.02.25"]
[SourceQuality "1"]

1. e4 c5 2. Nf3 d6 3. Bc4 Nf6 4. Nc3 e6 5. 0-0 Be7 6. Re1 0-0 7. d3 Nc6 8. a3 a6 9. e5 dxe5 10. Nxe5 Nxe5 11. Rxe5 Qc7 12. Re1 b5 13. Ba2 Rd8 14. Qf3 Bb7 15. Qh3 c4 16. dxc4 bxc4 17. Ne2 Rac8 18. Bf4 Qb6 19. Nc3 Nd5 20. Be5 Nxc3 21. Bxc3 Rd5 22. Re5 Rcd8 23. Rae1 Bc5 24. Qg3 Bd4 25. Bxc4 Bxc3 26. Qxc3 Rd2 27. R5e2 Qc6 28. f3 Qc5+ 29. Kf1 R2d4 30. Rxe6 Kf8 31. Re8+ Rxe8 32. Rxe8+ Kxe8 33. Bxf7+ Kxf7 34. Qxc5 Rd7 35. Qf5+ Ke8 36. Qxh7 Kd8 37. b4 Bd5 38. Qh4+ Kc7 39. c4 Bc6 40. Qf4+ Kb7 41. Ke2 Ba4 42. h4 Bd1+ 43. Kf2 Bc2 44. c5 Ba4 45. g4 Bb5 46. h5 Rd1 47. Qf7+ Kc6 48. Qxg7 Rd2+ 49. Kg3 1-0